What is the church? (Record no. 3017)

MARC details
000 -LEADER
fixed length control field 00682cam a2200253I 4500
001 - CONTROL NUMBER
control field 27158
003 - CONTROL NUMBER IDENTIFIER
control field GBCCL
005 - DATE AND TIME OF LATEST TRANSACTION
control field 20241126110445.0
008 - FIXED-LENGTH DATA ELEMENTS--GENERAL INFORMATION
fixed length control field 751110s1958 tnu 000 0 eng
010 ## -
-- 58005411
035 ## - SYSTEM CONTROL NUMBER
System control number (OCoLC)01821844
040 ## - CATALOGING SOURCE
Original cataloging agency DLC
Transcribing agency KTS
049 ## -
-- LBBK
050 ## -
-- BX6331
-- .M17
082 ## - DEWEY DECIMAL CLASSIFICATION NUMBER
Classification number 230.61
Item number WHA
092 ## - LOCALLY ASSIGNED DEWEY CALL NUMBER (OCLC)
Classification number 286.109
Item number M122
100 1# - MAIN ENTRY--PERSONAL NAME
Personal name McCall, Duke K.,
Relator term ed.
9 (RLIN) 6273
245 10 - TITLE STATEMENT
Title What is the church?
Statement of responsibility, etc. A symposium of Baptist thought.
260 ## - PUBLICATION, DISTRIBUTION, ETC.
Place of publication, distribution, etc. Nashville,
Name of publisher, distributor, etc. Broadman Press
Date of publication, distribution, etc. [1958]
300 ## - PHYSICAL DESCRIPTION
Extent 189 p.
Dimensions 21 cm.
650 #0 - SUBJECT ADDED ENTRY--TOPICAL TERM
Topical term or geographic name entry element Baptists
General subdivision Doctrinal and controversial works.
9 (RLIN) 6274
650 #0 - SUBJECT ADDED ENTRY--TOPICAL TERM
Topical term or geographic name entry element Church.
9 (RLIN) 263
942 ## - ADDED ENTRY ELEMENTS (KOHA)
Source of classification or shelving scheme Dewey Decimal Classification
Koha item type Books
Koha issues (borrowed), all copies 1
Holdings
Withdrawn status Lost status Source of classification or shelving scheme Damaged status Not for loan Home library Current Library Shelving location Date acquired Total checkouts Full call number Barcode Date last seen Date last checked out Copy number Price effective from Koha item type
    Dewey Decimal Classification     GRACE BIBLE COLLEGE GRACE BIBLE COLLEGE Theology 2017-10-12 1 230.61 WHA 006354 2025-05-01 2018-02-23 c.1 2017-10-12 Books
© Grace Bible College Library 2025